000 00467nam a2200181Ia 4500
008 230524s9999 xx 000 0 und d
020 _a8121902169
082 _a611
_bSUB
100 _aSarada Subrahmanyam
245 0 _aTextbook of Human Physiology
250 _a11th
260 _aNEW DELHI
_bS.Chand
_c2006
300 _aXXXV;1067
500 _aQuantity Number: 21
650 _aBiomedical
700 _aK.Madhavankutty (Revised by-H.D.Singh)
942 _cBK
999 _c35873
_d35873